[Event "PRO League Group Stage"]
[Site "chess.com INT"]
[Date "2019.03.12"]
[Round "10"]
[White "Guseinov, Gadir"]
[Black "Saric, Ivan"]
[Result "1/2-1/2"]
[WhiteTitle "GM"]
[BlackTitle "GM"]
[WhiteElo "2664"]
[BlackElo "2690"]
[WhiteTeam "Montclair Sopranos"]
[BlackTeam "Montreal Chessbrahs"]
[WhiteFideId "13401378"]
[BlackFideId "14508150"]
[EventDate "2019.01.08"]

1. e4 c5 2. Nc3 Nc6 3. Bb5 Nd4 4. Nf3 e6 5. O-O a6 6. Bd3 Nc6 7. a3 b5 8. Re1
Bb7 9. Bf1 Nf6 10. d4 cxd4 11. Nxd4 Nxd4 12. Qxd4 Qc7 13. e5 Nd5 14. Nxd5 Bxd5
15. Bd3 Be7 16. Qg4 g6 17. Bh6 Bf8 18. Bxf8 Kxf8 19. h4 h5 20. Qf4 Rg8 21. a4
Rb8 22. axb5 axb5 23. Re3 f5 24. c3 Rg7 25. Rg3 Kg8 26. Rg5 Bc4 27. Rd1 Bxd3 28.
Rxd3 Qc4 29. Rd4 Qe2 30. Qg3 f4 31. Rxf4 Qxb2 32. Kh2 Qc2 33. Rf6 Kh7 34. f4
Rbg8 35. Qe3 Kh8 36. Rg3 Kh7 37. Qc5 Qb1 38. Qd6 Qe4 39. Qd2 Ra8 40. Re3 Qb1 41.
Re1 Qb3 42. Re3 Ra1 43. Re1 Ra2 44. Qd3 Qc2 45. Qg3 Qd2 46. Rf1 Rc2 47. Rf3 Rc1
48. Rd3 Qe1 49. Qxe1 Rxe1 50. Kg3 Rc1 51. Kf3 Rc2 52. g3 Re7 53. Ke4 Kg7 54. Kd4
d5 55. exd6 Kxf6 56. dxe7 Kxe7 57. Kc5 Rb2 58. Re3 Kf6 59. Kd4 Rd2+ 60. Ke4 Rb2
61. Kd4 Rd2+ 62. Ke4 Rb2 63. Kd4 Rd2+ 64. Ke4 Rb2 65. Kd4 1/2-1/2

[Event "PRO League Group Stage"]
[Site "chess.com INT"]
[Date "2019.03.12"]
[Round "10"]
[White "Hansen, Eric"]
[Black "Checa, Nicolas"]
[Result "0-1"]
[WhiteTitle "GM"]
[BlackTitle "IM"]
[WhiteElo "2615"]
[BlackElo "2508"]
[WhiteTeam "Montreal Chessbrahs"]
[BlackTeam "Montclair Sopranos"]
[WhiteFideId "2606771"]
[BlackFideId "2069342"]
[EventDate "2019.01.08"]

1. d4 d5 2. c4 c6 3. Nf3 Nf6 4. e3 Bf5 5. Nc3 e6 6. Nh4 Be4 7. f3 Bg6 8. g3 Be7
9. Kf2 Nbd7 10. Qb3 Rb8 11. Nxg6 hxg6 12. Bd2 a6 13. Kg2 O-O 14. Rd1 Qc7 15.
cxd5 cxd5 16. Rc1 Qb6 17. Qxb6 Nxb6 18. Bd3 Rfc8 19. b3 Ba3 20. Rc2 Bb4 21. Rhc1
Ba3 22. Rd1 Bb4 23. Ra1 Ba3 24. Kf1 Rc6 25. Ne2 Rxc2 26. Bxc2 Rc8 27. Bd3 Kf8
28. h4 Ke7 29. Nf4 Nfd7 30. Rb1 Bd6 31. Ne2 Nb8 32. e4 Nc6 33. e5 Bb4 34. Bg5+
Kd7 35. Kf2 Be7 36. Rh1 Nb4 37. Bb1 Nc6 38. Be3 Na8 39. g4 Nc7 40. f4 Nb5 41. f5
gxf5 42. gxf5 Na3 43. fxe6+ fxe6 44. Bg6 Nb4 45. Bd2 Rf8+ 46. Kg3 Nc6 47. Rc1
Nb5 48. Be3 Ba3 49. Rd1 Bb4 50. Rc1 Ba3 51. Rc2 Nb4 52. Rd2 Rf1 53. Bh5 Ra1 54.
Bg4 Rxa2 55. Rd1 Nc2 56. Bg1 Rb2 57. Rf1 Rxb3+ 58. Kh2 Ne3 59. Rf7+ Be7 60. Rxg7
Nxg4+ 61. Rxg4 Rb2 62. h5 Rxe2+ 63. Kh3 Re4 64. Rg8 Rh4+ 65. Kg3 Rxh5 0-1

[Event "PRO League Group Stage"]
[Site "chess.com INT"]
[Date "2019.03.12"]
[Round "10"]
[White "Sturt, Raven"]
[Black "Kleinman, Michael"]
[Result "1-0"]
[WhiteTitle "IM"]
[BlackTitle "IM"]
[WhiteElo "2429"]
[BlackElo "2411"]
[WhiteTeam "Montclair Sopranos"]
[BlackTeam "Montreal Chessbrahs"]
[WhiteFideId "2007304"]
[BlackFideId "2609479"]
[EventDate "2019.01.08"]

1. d4 Nf6 2. Nf3 e6 3. Bf4 b6 4. e3 Bb7 5. Nbd2 d6 6. h3 g6 7. Be2 Bg7 8. O-O
O-O 9. Bh2 Nbd7 10. a4 a6 11. Bd3 Qe7 12. e4 e5 13. Re1 Nh5 14. d5 h6 15. a5 b5
16. b4 Nf4 17. Bf1 c5 18. dxc6 Bxc6 19. c4 Rfb8 20. Qb3 Qf6 21. Rad1 bxc4 22.
Qxc4 d5 23. exd5 Bxd5 24. Qc3 Rc8 25. Qa3 Qc6 26. Rc1 Qb7 27. Bc4 Rab8 28. Bxd5
Qxd5 29. Rcd1 Qb7 30. Ne4 Qxb4 31. Qxb4 Rxb4 32. Bxf4 exf4 33. Rxd7 Ra4 34. Nd6
Rf8 35. Ree7 Ra1+ 36. Kh2 Rd1 37. Nb7 Rf1 38. Nd2 Ra1 39. Ne4 g5 40. f3 Bb2 41.
h4 Ba3 42. Re5 f6 43. Rf5 Bb2 44. Nd8 Be5 45. Ne6 Re8 46. Rxe5 Rxe6 47. Rxe6 1-0

[Event "PRO League Group Stage"]
[Site "chess.com INT"]
[Date "2019.03.12"]
[Round "10"]
[White "Rodrigue-Lemieux, Shawn"]
[Black "Bartell, Thomas"]
[Result "0-1"]
[WhiteTitle "FM"]
[BlackTitle "IM"]
[WhiteElo "2293"]
[BlackElo "2353"]
[WhiteTeam "Montreal Chessbrahs"]
[BlackTeam "Montclair Sopranos"]
[WhiteFideId "2620049"]
[BlackFideId "2017849"]
[EventDate "2019.01.08"]

1. e4 c6 2. d4 d5 3. exd5 cxd5 4. Bd3 Nc6 5. c3 Nf6 6. Bf4 Bg4 7. Qb3 Qc8 8. Nd2
e6 9. Ngf3 Bh5 10. O-O Be7 11. Rae1 a6 12. a4 Bg6 13. Bxg6 hxg6 14. h3 O-O 15.
Ne5 Nxe5 16. Bxe5 Qc6 17. Bxf6 gxf6 18. g3 b5 19. axb5 axb5 20. Ra1 Ra4 21. h4
Rfa8 22. Rae1 Kg7 23. f4 b4 24. c4 dxc4 25. Qxc4 Qxc4 26. Nxc4 Rd8 27. b3 Ra7
28. h5 Rxd4 29. hxg6 Bc5 30. Kh1 Kxg6 31. f5+ exf5 32. Ne3 Re4 33. Nxf5 Rxe1 34.
Nh4+ Kg5 35. Rxe1 Kg4 36. Rc1 Be3 37. Rc4+ Kh3 0-1

[Event "PRO League Group Stage"]
[Site "chess.com INT"]
[Date "2019.03.12"]
[Round "10"]
[White "Eljanov, Pavel"]
[Black "Postny, Evgeny"]
[Result "1/2-1/2"]
[WhiteTitle "GM"]
[BlackTitle "GM"]
[WhiteElo "2680"]
[BlackElo "2623"]
[WhiteTeam "Miami Champions"]
[BlackTeam "Pittsburgh Pawngrabbers"]
[WhiteFideId "14102951"]
[BlackFideId "2804344"]
[EventDate "2019.01.08"]

1. d4 d5 2. c4 c6 3. Nf3 Nf6 4. e3 Bf5 5. Nc3 e6 6. Nh4 Be4 7. f3 Bg6 8. Qb3 Qc7
9. Bd2 Be7 10. cxd5 Nxd5 11. Nxg6 hxg6 12. O-O-O Nd7 13. Nxd5 cxd5+ 14. Kb1 a6
15. Rc1 Qb8 16. Bb4 a5 17. Ba3 Bxa3 18. Qxa3 b5 19. e4 b4 20. Qe3 dxe4 21. fxe4
Rxh2 22. Rxh2 Qxh2 23. Bb5 Rb8 24. Bc6 Rd8 25. d5 Qe5 26. Qc5 Qxe4+ 27. Ka1 Qxd5
28. Qa7 Rc8 29. Qb7 Rxc6 30. Qxc6 Qxc6 31. Rxc6 g5 32. Ra6 g4 33. Kb1 Ke7 34.
Kc2 f5 35. Rxa5 e5 36. Rb5 f4 37. Rxb4 g3 38. Kd2 g5 39. a4 Nc5 40. a5 e4 41.
Ke2 f3+ 42. Kf1 e3 43. gxf3 g2+ 44. Kxg2 e2 45. Kf2 Nd3+ 46. Kxe2 Nxb4 47. Ke3
Kd6 48. Ke4 Nc6 49. a6 Kc7 50. Kf5 Nd4+ 51. Kxg5 Nxf3+ 1/2-1/2

[Event "PRO League Group Stage"]
[Site "chess.com INT"]
[Date "2019.03.12"]
[Round "10"]
[White "Erenburg, Sergey"]
[Black "Iturrizaga Bonelli, Eduardo"]
[Result "0-1"]
[WhiteTitle "GM"]
[BlackTitle "GM"]
[WhiteElo "2589"]
[BlackElo "2637"]
[WhiteTeam "Pittsburgh Pawngrabbers"]
[BlackTeam "Miami Champions"]
[WhiteFideId "2805642"]
[BlackFideId "3901211"]
[EventDate "2019.01.08"]

1. e4 c5 2. Nf3 e6 3. c3 Nf6 4. e5 Nd5 5. d4 cxd4 6. cxd4 b6 7. Nc3 Bb7 8. Bd3
Be7 9. O-O O-O 10. Ne4 Nc6 11. a3 d6 12. Qe2 dxe5 13. dxe5 Qc7 14. Ng3 Rfd8 15.
h4 Na5 16. Bg5 h6 17. Rac1 Qd7 18. Bb5 Bc6 19. Bxc6 Nxc6 20. Bxe7 Ncxe7 21. Qe4
Rac8 22. Nd4 Ng6 23. Nde2 Qb5 24. h5 Nge7 25. b4 Qa6 26. Qf3 Nc6 27. Nd4 Nxd4
28. Qg4 Rxc1 29. Rxc1 Qxa3 30. Rc4 Nxb4 31. Ne4 Nbc6 32. Nf6+ Kh8 33. Qf4 Ne2+ 0-1

[Event "PRO League Group Stage"]
[Site "chess.com INT"]
[Date "2019.03.12"]
[Round "10"]
[White "Wang, Tianqi"]
[Black "Le, Tuan Minh"]
[Result "0-1"]
[BlackTitle "IM"]
[WhiteElo "2329"]
[BlackElo "2515"]
[WhiteTeam "Miami Champions"]
[BlackTeam "Pittsburgh Pawngrabbers"]
[WhiteFideId "2063824"]
[BlackFideId "12401153"]
[EventDate "2019.01.08"]

1. Nf3 Nf6 2. c4 c6 3. b3 d5 4. cxd5 cxd5 5. Bb2 Bf5 6. d3 e6 7. Nbd2 Nbd7 8. e3
h6 9. Be2 Be7 10. O-O O-O 11. Rc1 Qa5 12. a3 Rfc8 13. b4 Qd8 14. Qb3 a5 15. Nd4
Bg6 16. Rxc8 Rxc8 17. Rc1 Rxc1+ 18. Bxc1 axb4 19. axb4 Qb6 20. b5 Qa5 21. Qb2
Nc5 22. Qa3 Qd8 23. Qc3 Nfd7 24. N2f3 Bf6 25. Qc2 Qa5 26. Qb1 e5 27. Bd2 Qa4 28.
Bd1 Bxd3 29. Qc1 Qc4 30. Qxc4 Bxc4 31. Nc2 Bxb5 32. Nb4 Nb6 33. Bc3 Ncd7 34. Ba1
Bc4 35. Bc2 g6 36. g4 Be7 37. Bc3 Bd6 38. Kg2 Kf8 39. h4 Ke7 40. h5 gxh5 41.
gxh5 Ke6 42. e4 dxe4 43. Bxe4 Nc5 44. Bh7 Nd5 45. Nxd5 Bxd5 46. Bd2 Nb3 47. Bxh6
Nd4 48. Be3 Bxf3+ 49. Kh3 Bxh5 0-1

[Event "PRO League Group Stage"]
[Site "chess.com INT"]
[Date "2019.03.12"]
[Round "10"]
[White "Caruana, Fabiano"]
[Black "Moranda, Wojciech"]
[Result "1/2-1/2"]
[WhiteTitle "GM"]
[BlackTitle "GM"]
[WhiteElo "2828"]
[BlackElo "2593"]
[WhiteTeam "Saint Louis Arch Bishops"]
[BlackTeam "New York Marshalls"]
[WhiteFideId "2020009"]
[BlackFideId "1122401"]
[EventDate "2019.01.08"]

1. e4 d5 2. exd5 Qxd5 3. Nc3 Qd6 4. Nf3 Nf6 5. d4 Bg4 6. h3 Bh5 7. g4 Bg6 8. Ne5
Nbd7 9. Bf4 Nxe5 10. Bxe5 Qb6 11. Qf3 O-O-O 12. O-O-O e6 13. Bd3 Bb4 14. Bxg6
hxg6 15. Ne2 Qc6 16. Qxc6 bxc6 17. Nf4 Bd6 18. Nd3 Rh7 19. c4 Nd7 20. Bg3 Rdh8
21. Ne5 Nxe5 22. dxe5 Bc5 23. Rd3 Rxh3 24. Rhd1 Rh1 25. Rf3 Rxd1+ 26. Kxd1 Rf8
27. Ke2 f5 28. exf6 gxf6 29. Rc3 Bd4 30. Ra3 f5 31. f3 Rh8 32. Kd3 e5 33. gxf5
gxf5 34. Ra5 Rd8 35. Kc2 f4 36. Be1 Rh8 37. Kd3 Rh3 38. Ke4 Rh2 39. Bc3 Re2+ 40.
Kf5 Bxc3 41. bxc3 Re3 42. Rxa7 Kd7 43. c5 e4 44. Kxf4 Rxf3+ 45. Kxe4 Rxc3 46.
Kd4 Rc2 47. Ra8 Rc1 48. Rh8 Rc2 49. a3 Rc1 50. Rh3 Kc8 51. Rb3 Rc2 52. a4 Rc1
53. Rb2 Rh1 54. Kc4 Ra1 55. Kb4 Kb7 1/2-1/2

[Event "PRO League Group Stage"]
[Site "chess.com INT"]
[Date "2019.03.12"]
[Round "10"]
[White "Azarov, Sergei"]
[Black "So, Wesley"]
[Result "1-0"]
[WhiteTitle "GM"]
[BlackTitle "GM"]
[WhiteElo "2575"]
[BlackElo "2765"]
[WhiteTeam "New York Marshalls"]
[BlackTeam "Saint Louis Arch Bishops"]
[WhiteFideId "13501470"]
[BlackFideId "5202213"]
[EventDate "2019.01.08"]

1. e4 c5 2. Nf3 e6 3. d4 cxd4 4. Nxd4 Nc6 5. Nc3 Qc7 6. Be2 a6 7. O-O Nf6 8. Be3
Be7 9. f4 d6 10. Qe1 O-O 11. Qg3 Nxd4 12. Bxd4 b5 13. a3 Bb7 14. Rae1 Bc6 15.
Kh1 Rad8 16. Bd3 Qd7 17. b4 Nh5 18. Qg4 Nf6 19. Qg3 Nh5 20. Qg4 Nf6 21. Qg3 Qb7
22. Qh3 h6 23. Rf3 Qc8 24. Rg3 Kh8 25. e5 dxe5 26. Bxe5 Rg8 27. Ree3 Bb7 28. Qh4
Rxd3 29. Rxd3 Kh7 30. h3 Qc4 31. Rd4 Qf1+ 32. Kh2 Nd5 33. Qg4 Nf6 34. Bxf6 Bxf6
35. Rd7 Bxg2 36. Rxg2 Bxc3 37. Rxf7 Qc4 38. Re7 Kh8 39. Rxe6 Rf8 40. Re7 Qxf4+
41. Qxf4 Rxf4 42. Re6 Rf3 43. Rge2 a5 44. R6e3 Rxe3 45. Rxe3 axb4 46. Kg2 Kg8
47. axb4 Bxb4 48. Rb3 Be7 49. Rxb5 Kf7 50. Kf3 g5 51. Kg4 Kg6 52. Rb6+ Bf6 53.
Rxf6+ Kxf6 54. Kh5 Kf5 55. c4 Kf4 56. c5 1-0

[Event "PRO League Group Stage"]
[Site "chess.com INT"]
[Date "2019.03.12"]
[Round "10"]
[White "Ali Marandi, Cemil Can"]
[Black "Khamrakulov, Djurabek"]
[Result "1-0"]
[WhiteTitle "GM"]
[BlackTitle "GM"]
[WhiteElo "2530"]
[BlackElo "2503"]
[WhiteTeam "Saint Louis Arch Bishops"]
[BlackTeam "New York Marshalls"]
[WhiteFideId "6300529"]
[BlackFideId "14201143"]
[EventDate "2019.01.08"]

1. d4 Nf6 2. Bf4 e6 3. e3 d5 4. Nd2 Bd6 5. Bg3 O-O 6. c3 c5 7. Bd3 Nc6 8. Ngf3
b6 9. O-O Qc7 10. e4 cxd4 11. cxd4 Bxg3 12. hxg3 Nb4 13. Bb1 dxe4 14. Nxe4 Nxe4
15. Bxe4 Bb7 16. Rc1 Qe7 17. Bxb7 Qxb7 18. a3 Nd5 19. Ne5 Rad8 20. Qf3 Rc8 21.
g4 h6 22. Nd3 Rxc1 23. Rxc1 Rc8 24. Re1 Rc4 25. Qe4 Qc7 26. g3 Nf6 27. Qa8+ Kh7
28. g5 hxg5 29. Qh1+ Kg8 30. Qa8+ Qc8 31. Qxa7 Nd5 32. Ne5 Rc7 33. Qa4 f6 34.
Nf3 Rc4 35. Qd1 Rc2 36. Rxe6 Rxb2 37. Re1 Qf5 38. Nd2 g4 39. Qe2 Qh5 40. Qe6+
Kh7 41. Ne4 b5 42. Nd6 Nc3 43. Ne8 Qg6 44. Kg2 Qg5 45. Nc7 Kg6 46. Qe8+ Kf5 47.
Nd5 Qd2 48. Qh5+ Qg5 49. Ne7# 1-0

[Event "PRO League Group Stage"]
[Site "chess.com INT"]
[Date "2019.03.12"]
[Round "10"]
[White "Griffith, Kyron"]
[Black "Bloomer, Josh"]
[Result "0-1"]
[WhiteTitle "FM"]
[WhiteElo "2340"]
[BlackElo "1950"]
[WhiteTeam "New York Marshalls"]
[BlackTeam "Saint Louis Arch Bishops"]
[WhiteFideId "2046318"]
[BlackFideId "2020416"]
[EventDate "2019.01.08"]

1. Nf3 Nf6 2. g3 g6 3. Bg2 Bg7 4. O-O O-O 5. d3 d5 6. c3 c5 7. Qb3 Nc6 8. Re1 b6
9. e4 dxe4 10. dxe4 e5 11. Na3 Be6 12. Qc2 h6 13. Nd2 Qe7 14. Ndc4 Rad8 15. Ne3
Rfe8 16. Bf1 Qc7 17. Nb5 Qb8 18. a4 Na5 19. b4 cxb4 20. cxb4 Nb3 21. Rb1 Nd4 22.
Nxd4 exd4 23. Ng2 Ng4 24. Qd1 Ne5 25. f4 Bg4 26. Be2 Bxe2 27. Rxe2 Nf3+ 28. Kh1
d3 29. Re3 d2 30. Rxf3 dxc1=Q 31. Qxc1 Rxe4 32. f5 Qd6 33. fxg6 fxg6 34. Nf4
Rxb4 35. Rxb4 Qxb4 36. Nxg6 Qxa4 37. Qe3 Qd1+ 38. Kg2 Qc2+ 39. Rf2 Qxg6 40. h4
Re8 41. Qa3 Qe4+ 42. Kh2 Be5 43. Qb3+ Kh8 44. Kg1 Bd4 0-1

[Event "PRO League Group Stage"]
[Site "chess.com INT"]
[Date "2019.03.12"]
[Round "10"]
[White "Robson, Ray"]
[Black "Movsesian, Sergei"]
[Result "1/2-1/2"]
[WhiteTitle "GM"]
[BlackTitle "GM"]
[WhiteElo "2667"]
[BlackElo "2629"]
[WhiteTeam "Webster Windmills"]
[BlackTeam "London Lions"]
[WhiteFideId "2023970"]
[BlackFideId "310204"]
[EventDate "2019.01.08"]

1. e4 c5 2. Nf3 e6 3. d4 cxd4 4. Nxd4 Nc6 5. Nc3 a6 6. g3 d6 7. Bg2 Bd7 8. a4
Be7 9. O-O Nf6 10. Nxc6 Bxc6 11. a5 O-O 12. Be3 Nd7 13. Re1 Qc7 14. Qd2 Rae8 15.
Ne2 Nc5 16. Nc3 Nd7 17. Bd4 h6 18. Na2 Bg5 19. Be3 Bf6 20. Rab1 Nc5 21. f3 Rc8
22. Red1 Be7 23. Nb4 Rfd8 24. Nxc6 Qxc6 25. Qe2 Nd7 26. c3 Ne5 27. Bf1 Rd7 28.
b3 d5 29. f4 Ng6 30. exd5 Rxd5 31. c4 Rxa5 32. Bg2 Qc7 33. Kh1 b6 34. Rd3 Bf6
35. Rbd1 Nf8 36. Qf2 Rb8 37. h3 Ra3 38. Kh2 a5 39. Qc2 g6 40. Bc1 Ra1 41. Be3
Rxd1 42. Qxd1 a4 43. bxa4 Qxc4 44. Qb3 Qc7 45. Qb5 Qc2 46. Qb3 Qc7 47. Qb5 h5
48. h4 Be7 49. Rb3 Nd7 50. Rb2 Bc5 51. Bd2 Nf6 52. Bf3 Rd8 53. Kg2 Qd6 54. Qc4
Ng4 55. Bxg4 hxg4 56. Qe4 Qd3 57. Qxd3 Rxd3 58. a5 Bd4 59. Ra2 bxa5 60. Bxa5 Rd1
61. Rd2 Rxd2+ 62. Bxd2 f5 63. Kf1 Kf7 64. Ke2 Ke7 65. Bb4+ Kd7 66. Be1 Kc6 67.
Kf1 Kd5 68. Bd2 Ke4 69. Kg2 Kd3 70. Bb4 Ke2 71. Ba5 Bf2 72. Bc7 Bd4 73. Bd6 Ke3
74. Bc7 Ke4 75. Bd6 e5 76. fxe5 Bxe5 77. Bc5 Bc7 78. Bb4 Bd8 79. Bd2 Bc7 80. Bg5
Bd6 81. Bh6 Be7 82. Bc1 Bc5 83. Bg5 Be3 84. Bd8 Bd2 85. Bc7 Bc1 86. Bd6 Bb2 87.
Be7 Kd5 88. Bg5 Ke6 89. Bd2 Bf6 90. Bf4 Kd5 91. Bh6 Ke4 92. Bc1 Be7 93. Bd2 Bd8
94. Bc1 Bc7 95. Bd2 Kd5 96. Bc1 Ke6 97. Bd2 Kf7 98. Bc1 Ke6 99. Bd2 Bb8 100. Bc1
Kd5 101. Bd2 Ke4 102. Bc1 f4 103. gxf4 Bxf4 104. Bb2 Kf5 105. Bc3 Be3 106. Bb2
Bd2 107. Bd4 Be1 108. Bb2 Bxh4 109. Bc3 Bf6 110. Bd2 Be5 111. Bc1 g5 112. Bd2
Bf4 113. Bc3 Ke4 114. Bb4 g3 115. Ba5 1/2-1/2

[Event "PRO League Group Stage"]
[Site "chess.com INT"]
[Date "2019.03.12"]
[Round "10"]
[White "Ghasi, Ameet K"]
[Black "Durarbayli, Vasif"]
[Result "0-1"]
[WhiteTitle "IM"]
[BlackTitle "GM"]
[WhiteElo "2505"]
[BlackElo "2620"]
[WhiteTeam "London Lions"]
[BlackTeam "Webster Windmills"]
[WhiteFideId "409200"]
[BlackFideId "13402935"]
[EventDate "2019.01.08"]

1. Nf3 c5 2. g3 Nc6 3. Bg2 g6 4. O-O Bg7 5. c4 e6 6. Nc3 Nge7 7. e3 O-O 8. d4 d6
9. b3 Nf5 10. Ne2 Rb8 11. Rb1 cxd4 12. Nfxd4 Ncxd4 13. Nxd4 Nxd4 14. exd4 b5 15.
c5 e5 16. dxe5 dxc5 17. Be3 Bf5 18. Rc1 Bd3 19. Re1 c4 20. Bxa7 Rc8 21. bxc4
bxc4 22. Qa4 Qc7 23. Bd4 Rfe8 24. f4 Red8 25. Bc3 h5 26. h4 Qc5+ 27. Kh2 Qf2 28.
Qa3 Ra8 29. Qb2 Qxb2 30. Bxb2 Rxa2 31. Bc3 Bf8 32. Ra1 Rc2 33. Rac1 Rf2 34. Kh1
Ba3 35. Ra1 Bb2 36. Bxb2 Rxb2 37. Rec1 Be2 38. Ra8 Rxa8 39. Bxa8 Rd2 40. Kg1 Kf8
41. Kf2 Bg4+ 42. Kg1 Rd4 43. Bg2 Ke7 44. Bf1 Be6 45. Kf2 f6 46. exf6+ Kxf6 47.
Ke3 Rd8 48. Be2 Rc8 49. Kd4 Rd8+ 50. Ke3 Rc8 51. Rc3 Rc7 52. Bf3 Rc8 53. Be4 Rb8
54. Kd4 Rd8+ 55. Ke3 Rb8 56. Kd4 Rb2 57. Ke3 Ra2 58. Kd4 Rd2+ 59. Ke3 Rb2 60.
Kd4 Ra2 61. Ke3 Bf7 62. Kd4 Ke7 63. Ke5 Ra5+ 64. Kd4 Kd6 65. Rc1 Ra3 66. Rc3 Ra1
67. f5 Rd1+ 68. Ke3 gxf5 69. Bxf5 Kc5 70. Rc2 Rd5 71. Be4 Rd7 72. Kf4 Kb4 73.
Bf5 Rc7 74. Rb2+ Kc3 75. Rc2+ Kb3 76. Rc1 c3 77. Kg5 Rc5 78. Kf6 Be8 79. Re1 Bb5
80. Rb1+ Ka2 81. Rc1 Ba4 82. Bg6 Kb2 83. Re1 Bc2 84. Re2 Rc6+ 85. Kf7 Rxg6 86.
Rxc2+ Kxc2 87. Kxg6 Kd3 88. g4 hxg4 89. h5 g3 90. h6 g2 91. h7 g1=Q+ 92. Kf7 Qh2
93. h8=Q Qxh8 94. Ke7 Qh6 95. Kd7 Qf6 96. Ke8 Qg7 97. Kd8 Kd4 98. Ke8 Kd5 99.
Kd8 Kd6 100. Ke8 Qe7# 0-1

[Event "PRO League Group Stage"]
[Site "chess.com INT"]
[Date "2019.03.12"]
[Round "10"]
[White "Nyzhnyk, Illya"]
[Black "Haria, Ravi"]
[Result "1-0"]
[WhiteTitle "GM"]
[BlackTitle "IM"]
[WhiteElo "2624"]
[BlackElo "2450"]
[WhiteTeam "Webster Windmills"]
[BlackTeam "London Lions"]
[WhiteFideId "14118084"]
[BlackFideId "415820"]
[EventDate "2019.01.08"]

1. c4 e6 2. d4 d5 3. Nc3 a6 4. cxd5 exd5 5. Bf4 c6 6. Rc1 Bd6 7. Qd2 Ne7 8. g3
O-O 9. Bg2 Bf5 10. Nf3 a5 11. O-O Na6 12. Na4 Bb4 13. Qd1 Ng6 14. Bg5 f6 15. Bd2
Qd6 16. a3 Bxd2 17. Qxd2 Nc7 18. Rc5 b5 19. Rfc1 Ra6 20. Nc3 Ne6 21. Nd1 Nxc5
22. dxc5 Qe7 23. Nd4 Bd7 24. f4 Re8 25. Nf2 Nf8 26. e4 Be6 27. f5 Bf7 28. exd5
Bxd5 29. Bxd5+ cxd5 30. c6 Rc8 31. Nd3 Qa7 32. Qf2 b4 33. Nf4 bxa3 34. bxa3 Qc7
35. Nxd5 Qe5 36. Rc5 Rd8 37. c7 Rc8 38. Ne6 Kf7 39. Nd8+ Kg8 40. Qa2 Qe1+ 41.
Kg2 Qe4+ 42. Kf2 Kh8 43. Nf7+ Kg8 44. Ne7+ Qxe7 45. Nh6+ Kh8 46. Qg8# 1-0

[Event "PRO League Group Stage"]
[Site "chess.com INT"]
[Date "2019.03.12"]
[Round "10"]
[White "Horton, Andrew P"]
[Black "Grabinsky, Joshua"]
[Result "0-1"]
[WhiteTitle "IM"]
[BlackTitle "CM"]
[WhiteElo "2388"]
[BlackElo "2078"]
[WhiteTeam "London Lions"]
[BlackTeam "Webster Windmills"]
[WhiteFideId "424269"]
[BlackFideId "30919754"]
[EventDate "2019.01.08"]

1. b3 Nf6 2. Bb2 d5 3. Nf3 Bf5 4. e3 c6 5. c4 e6 6. Nc3 Bd6 7. h3 h6 8. Be2 Nbd7
9. d4 Qe7 10. O-O O-O 11. Bd3 Bxd3 12. Qxd3 dxc4 13. Qxc4 e5 14. Rfd1 Nb6 15.
Qe2 e4 16. Ne5 Bxe5 17. dxe5 Qxe5 18. Nd5 Qg5 19. Nxf6+ gxf6 20. Rd4 Rfe8 21.
Rad1 Nd5 22. Qc4 Qf5 23. a3 Kh7 24. Qe2 Rg8 25. Kh2 Rg5 26. g4 Qe6 27. Qc2 Re8
28. Rg1 f5 29. Qd1 fxg4 30. Rxg4 Rxg4 31. Qxg4 Qxg4 32. hxg4 Kg6 33. Kg3 h5 34.
gxh5+ Kxh5 35. Rd1 Rg8+ 36. Kh3 f5 37. Be5 Kg6 38. Kg2 Kf7+ 39. Kf1 Ke6 40. Bd4
a6 41. b4 f4 42. exf4 Nxf4 43. Be3 Nd5 44. Bd4 Kf5 45. Ke2 Nf4+ 46. Ke3 Nd5+ 47.
Ke2 Rd8 48. Rd2 Rd7 49. Ke1 Rh7 50. Kd1 Kf4 51. Kc2 Rh3 52. Kb2 Rd3 53. Rxd3
exd3 54. Kc1 Ke4 55. Bg7 Nb6 56. Bf8 Nc4 57. Bc5 Kf3 58. Kd1 Ke4 59. a4 Nb2+ 60.
Kd2 Nc4+ 61. Kd1 b6 62. f3+ Kxf3 63. Bg1 Ke4 64. Ke1 b5 65. axb5 cxb5 66. Bc5
Ne5 67. Kd2 Nc4+ 68. Kc3 d2 69. Kc2 d1=Q+ 70. Kxd1 Kd3 71. Kc1 Kc3 72. Kb1 Kb3
73. Kc1 Na3 74. Kd2 Nc2 75. Kc1 Nxb4 76. Bf8 a5 77. Kb1 a4 78. Bg7 a3 79. Bh8
Nd5 80. Ka1 b4 81. Be5 Kc2 82. Bd6 Kc3 83. Be5+ Kc4 84. Bd6 Nb6 85. Ka2 Na4 86.
Ka1 Nc3 87. Bf8 Nd5 88. Ka2 Nc7 89. Be7 Nb5 90. Ka1 Kc3 91. Bf6+ Kc2 92. Be7 Kc3
93. Bf6+ Kc4 94. Be7 b3 95. Bf6 Kd3 96. Kb1 Nc3+ 97. Bxc3 Kxc3 98. Ka1 b2+ 99.
Kb1 Kd2 100. Ka2 Kc2 101. Kxa3 b1=Q 102. Ka4 Qb6 103. Ka3 Qb3# 0-1

[Event "PRO League Group Stage"]
[Site "chess.com INT"]
[Date "2019.03.13"]
[Round "10"]
[White "Wang, Yue"]
[Black "Mamedyarov, Shakhriyar"]
[Result "0-1"]
[WhiteTitle "GM"]
[BlackTitle "GM"]
[WhiteElo "2684"]
[BlackElo "2817"]
[WhiteTeam "Chengdu Pandas"]
[BlackTeam "San Jose Hackers"]
[WhiteFideId "8601429"]
[BlackFideId "13401319"]
[EventDate "2019.01.08"]

1. d4 Nf6 2. c4 b6 3. Nc3 Bb7 4. Nf3 g6 5. g3 Bg7 6. Bg2 O-O 7. O-O e6 8. d5
exd5 9. cxd5 Re8 10. Bf4 Na6 11. Rc1 Ne4 12. Nxe4 Rxe4 13. d6 c6 14. Qd2 Qf6 15.
b3 Rae8 16. e3 h6 17. h4 c5 18. g4 Nb4 19. g5 Qf5 20. gxh6 Bxh6 21. Ng5 Bxg5 22.
hxg5 Rxf4 23. exf4 Bxg2 24. Kxg2 Qg4+ 25. Kh2 Re2 26. Qc3 Nxa2 27. Qg3 Qxg3+ 28.
Kxg3 Nxc1 29. Rxc1 a5 30. Rd1 f6 31. gxf6 Kf7 32. Rh1 Kxf6 33. Rh7 Rb2 34. Rxd7
Rxb3+ 35. Kg4 Rd3 36. Rd8 a4 37. d7 Ke7 38. Rb8 Kxd7 39. Rxb6 Rd6 40. Rb5 Kc6
41. Ra5 Rd4 42. Kg5 Rb4 43. Ra6+ Kb7 44. Ra5 Kb6 45. Ra8 Kb5 46. f3 Rd4 47. Ra7
c4 48. Rb7+ Kc5 49. Rc7+ Kb4 50. Rb7+ Kc3 51. Ra7 Kb3 52. Rb7+ Ka2 53. Rb4 Ka3
54. Rb6 c3 55. Rc6 Kb3 56. Rb6+ Rb4 0-1

[Event "PRO League Group Stage"]
[Site "chess.com INT"]
[Date "2019.03.13"]
[Round "10"]
[White "Li, Di"]
[Black "Aleskerov, Faik"]
[Result "1-0"]
[WhiteTitle "IM"]
[WhiteElo "2488"]
[BlackElo "2315"]
[WhiteTeam "Chengdu Pandas"]
[BlackTeam "San Jose Hackers"]
[WhiteFideId "8607508"]
[BlackFideId "13401262"]
[EventDate "2019.01.08"]

1. d4 d5 2. c4 Bf5 3. cxd5 Bxb1 4. Rxb1 Qxd5 5. Qa4+ Nc6 6. Nf3 e5 7. e3 Bb4+ 8.
Bd2 Bxd2+ 9. Nxd2 exd4 10. e4 Qa5 11. Qxa5 Nxa5 12. b4 Nc6 13. f4 Nf6 14. Bd3
O-O 15. Ke2 Rfe8 16. Kf3 a5 17. b5 Nb4 18. Bc4 Nc2 19. Bd3 Nb4 20. Bc4 Nc2 21.
Rhc1 Ne3 22. Bd3 Re7 23. Rc5 Nd7 24. Rcc1 Nb6 25. Nb3 Rd8 26. Nxa5 Rb8 27. Nb3
Rd8 28. Nc5 Ra8 29. Rb4 g5 30. Rxd4 gxf4 31. Kxf4 Nxg2+ 32. Kg3 Rxa2 33. Nxb7
Re5 34. h4 Kg7 35. Rg1 Re6 36. e5 Rxe5 37. Rxg2 Rxg2+ 38. Kxg2 Nd5 39. Re4 Rh5
40. Kg3 Nc3 41. Rg4+ Kf8 42. Rg5 Rxg5+ 43. hxg5 f6 44. Kf4 fxg5+ 45. Kxg5 Ke7
46. Kf5 h5 47. Ke5 h4 48. Kd4 Na4 49. Nc5 Nb2 50. Bf5 Kd6 51. Ne4+ Ke7 52. Bg4
Na4 53. Nc5 Nb6 54. Ne4 Na4 55. Kd5 Kd8 56. Kc6 Nb2 57. Nc5 Nc4 58. Nb7+ Ke7 59.
Kxc7 Kf6 60. Nd6 Na5 61. b6 Kg5 62. Bc8 Kf4 63. Nc4 h3 64. Nxa5 h2 65. Bb7 Kg3
66. Bh1 Kf2 67. b7 Kg1 68. Bc6 h1=Q 69. Bxh1 1-0